Online
Catalog

Italia y la guerra civil española : / (Record no. 37056)

MARC details
000 -CABECERA
campo de control de longitud fija 00765nam a2200193 a 4500
001 - NÚMERO DE CONTROL
campo de control 000037566
005 - FECHA Y HORA DE LA ÚLTIMA TRANSACCIÓN
campo de control 20200930080437.0
008 - DATOS DE LONGITUD FIJA--INFORMACIÓN GENERAL
campo de control de longitud fija 120501s1986 sp 000 0 spa d
020 ## - NÚMERO INTERNACIONAL ESTÁNDAR DEL LIBRO
Número Internacional Estándar del Libro 8400063155
040 ## - FUENTE DE LA CATALOGACIÓN
Centro catalogador/agencia de origen DO-SdBNP
Lengua de catalogación spa
Centro/agencia transcriptor BNPHU
111 1# - ENTRADA PRINCIPAL--NOMBRE DE CONGRESO/REUNIÓN
Nombre de congreso/reunión o jurisdicción como elemento de entrada Simposio celebrado en la Escuela Española de Historia y Arqueología de Roma
Sede del congreso/Lugar de la reunión (Roma)
9 (RLIN) 64021
245 10 - MENCIÓN DE TÍTULO
Título Italia y la guerra civil española : /
Mención de responsabilidad, etc. presentación Manuel Espadas Burgos.
260 ## - PUBLICACIÓN, DISTRIBUCIÓN, ETC.
Lugar de publicación, distribución, etc. Madrid :
Nombre del editor, distribuidor, etc. Centro de Estudios Históricos ( C.S.I.C., ),
Fecha de publicación, distribución, etc. 1986.
300 ## - DESCRIPCIÓN FÍSICA
Extensión XII, 245 p. ;
Dimensiones 24 cm.
500 ## - NOTA GENERAL
Nota general Espadas Burgos, Manuel
500 ## - NOTA GENERAL
Nota general Incluye referencias bibliográficas y notas al pie de las páginas
546 ## - NOTA DE LENGUA/LENGUAJE
Nota de lengua/lenguaje Textos en castellano e italino
710 1# - PUNTO DE ACCESO ADICIONAL--NOMBRE DE ENTIDAD CORPORATIVA
Nombre de entidad corporativa o nombre de jurisdicción como elemento de entrada Centro de Estudios Históricos
9 (RLIN) 64022
Holdings
Estado de retiro Estado de pérdida Restricciones de uso No para préstamo Código de colección Localización permanente Ubicación/localización actual Ubicación en estantería Fecha de adquisición Número de inventario Total de préstamos Signatura topográfica completa Código de barras Fecha visto por última vez Precio válido a partir de Tipo de ítem Koha
        Monografías: Libros y Folletos General General Orden iniciada 01.05.2012 LF1   37566-10 25.06.2020 25.06.2020 No se presta

Powered by Koha